LEADER 02959nam0 22003971i 450 001 UON00261291 005 20231205103713.324 100 $a20050215d1974 |0itac50 ba 101 $aita 102 $aIT 105 $a|||| 1|||| 200 1 $aFenomeni morfologici e sintattici nell'italiano contemporaneo$eatti del sesto Congresso Internazionale di studi, Roma, 4-6 settembre 1972$fSLI, Società di Linguistica Italiana$ga cura di Mario Medici e Antonella Sangregorio 210 $aRoma$cBulzoni$d1974 215 $a3 v. in 2 (716 p.)$d21 cm. 410 1$1001UON00067620$12001 $aPubblicazioni della Societa' di linguistica italiana$v7 606 $aCongressi e convegni$xRoma$x1972$3UONC081228$2FI 606 $aLingua italiana$xGrammatica$xCongressi$xRoma$x1972$3UONC081226$2FI 620 $aIT$dRoma$3UONL000004 676 $a455$cGrammatica della lingua italiana$v21 702 1$aMedici$bMario$3UONV053521 702 1$aSangregorio$bAntonella$3UONV133647 710 02$aSocietà di Linguistica Italiana$3UONV053520$0330439 712 $aBulzoni$3UONV265597$4650 801 $aIT$bSOL$c20260213$gRICA 912 $aUON00261291 950 $aSIBA - SISTEMA BIBLIOTECARIO DI ATENEO E ARCHIVIO STORICO$dSI ITA Ling 0123 a $eSI LO 66178 7 0123 a 950 $aSIBA - SISTEMA BIBLIOTECARIO DI ATENEO E ARCHIVIO STORICO$dSI ITA Ling 0123 b $eSI LO 66179 7 0123 b 950 $aSIBA - SISTEMA BIBLIOTECARIO DI ATENEO E ARCHIVIO STORICO$dSI ITA Ling 0123 c $eSI LO 66180 7 0123 c 950 $aSIBA - SISTEMA BIBLIOTECARIO DI ATENEO E ARCHIVIO STORICO$dSI ITA Ling 0123 a bis $eSI LO 14971 5 0123 a bis 950 $aSIBA - SISTEMA BIBLIOTECARIO DI ATENEO E ARCHIVIO STORICO$dSI ITA Ling 0123 b bis $eSI LO 14972 5 0123 b bis 950 $aSIBA - SISTEMA BIBLIOTECARIO DI ATENEO E ARCHIVIO STORICO$dSI ITA Ling 0123 c bis $eSI LO 14973 5 0123 c bis 950 $aSIBA - SISTEMA BIBLIOTECARIO DI ATENEO E ARCHIVIO STORICO$dSI Port Ling II 0469 a $eSI LO 10265 5 0469 a 950 $aSIBA - SISTEMA BIBLIOTECARIO DI ATENEO E ARCHIVIO STORICO$dSI Port Ling II 0469 b $eSI LO 10266 5 0469 b 950 $aSIBA - SISTEMA BIBLIOTECARIO DI ATENEO E ARCHIVIO STORICO$dSI Port Ling II 0469 c $eSI LO 10267 5 0469 c 996 $aFenomeni morfologici e sintattici nell'italiano contemporaneo$9914523 997 $aUNIOR